| 000 | 00531cam a2200181 a 4500 | ||
|---|---|---|---|
| 001 | 000003772 | ||
| 005 | 20200929150549.0 | ||
| 008 | 810313s1980 nyu 000 p eng | ||
| 020 | _a0553270931 | ||
| 040 |
_aDO-SdBNP _bspa _cBNPHU |
||
| 082 |
_a813.54 _bR632s |
||
| 100 | 1 |
_aRobbins, Tom. _d1936- _911477 |
|
| 245 | 1 | 0 |
_aStill life with Woodpecker / _cTom Robbins. |
| 260 |
_aNew York : _bBantam Books, _c1980. |
||
| 300 |
_ax, 277 p. ; _c18 cm. |
||
| 650 | 4 |
_aPoesÃa estadounidense _96278 |
|
| 650 | 4 |
_aLiteratura estadounidense _9263 |
|
| 999 |
_c3594 _d3594 |
||